| 000 | 00635nam a22002177a 4500 | ||
|---|---|---|---|
| 003 | 0 | ||
| 005 | 20231018082559.0 | ||
| 008 | 231018b xxu||||| |||| 00| 0 eng d | ||
| 020 | _a978-1-98468-071-6 | ||
| 050 |
_aHF 5415 _b .T57 2023 |
||
| 110 | _a3G E-learning | ||
| 245 |
_ae-Commerce _c3G E-learning |
||
| 250 | _aThird edition | ||
| 260 |
_aNew York _b3G E-Learning, LLC _cc2023. |
||
| 300 |
_axii, 453 pages : _bcol. ill. ; _c26 cm. |
||
| 500 | _aInternet marketing. | ||
| 504 | _aIncludes bibliographical references and index. | ||
| 650 | _aInternet marketing. | ||
| 650 | _aElectronic commerce. | ||
| 942 |
_2lcc _cBK |
||
| 999 |
_c365524 _d365524 |
||